000 00516nam a2200217Ia 4500
005 20250425162800.0
008 250425s9999 xx 000 0 und d
020 _a2030205516
041 _aspa
043 _afr
082 _a463
100 _aGARCIA PELAYO Y GROSS, RAMON
245 0 _aPEQUEÑO LAROUSSE EN COLOR
250 _a1A ED.
260 _aFrancia
_bEDICIONES LAROUSSE
_c1972
260 _aPARIS
300 _a1564
650 _aDICCIONARIO LENGUA ESPAÑOLA
942 _c01
010 _a108356
999 _c236330
_d236330